| 000 | 00555nam a2200169 4500 | ||
|---|---|---|---|
| 001 | 131018 | ||
| 003 | ES-MaACL | ||
| 005 | 20230906193910.0 | ||
| 007 | t| | ||
| 008 | 070214s1926 sp r ||||1| spa d | ||
| 100 | 1 |
_aRobert, Henri. _997803 |
|
| 245 | 1 | 3 |
_aEl abogado / _cHenri Robert ; versión española por Jesús Ibrán Navarro-Rodrigo. |
| 260 |
_aMadrid : _b[s. n.], _c1926 ( _fImp. del Asilo de Huérfanos del S. C. de Jesús) |
||
| 300 |
_a192 p. ; _c18 x 12 cm. |
||
| 700 | 1 |
_aIbrán Navarro-Rodrigo, Jesús. _965029 |
|
| 852 |
_aES-MaACL _jF-2529 |
||
| 999 |
_c131018 _d131018 |
||